000 01072cam a2200325 a 4500
001 1829
003 FISKH
005 20231006090318.0
008 910911s1992 ilua j 001 0 eng
010 _a 91035061
020 _a0516049232
040 _aDLC
_cDLC
_dDLC
_beng
042 _alcac
050 0 0 _aQB637.6
_b.F69 1992
082 0 0 _a508
_220
100 1 _aFowler, Allan.
245 1 0 _aHow do you know it's summer? /
_cby Allan Fowler.
260 _aChicago :
_bChildrens Press,
_c1992.
300 _a31 pages :
_bcolor illustrations ;
_c19 cm.
440 0 _aRookie read-about science
505 _aK
520 _aPresents such signs of summer as heat, playtime, thunderstorms, growing, and fun.
521 8 _a520
_bLexile
521 8 _aK
_bRaz-Plus
650 0 _aSummer
_xJuvenile literature.
650 1 _aSummer.
906 _a7
_bcbc
_corignew
_d1
_eocip
_f19
_gy-gencatlg
942 _2ddc
_cBK
_n0
999 _c1829
_d1829